Les 15 pays les moins peuplés d'Afrique - Statistiques

Statistiques générales
  • Ce quiz a été pris 231 fois
  • Le résultat moyen est 9 sur 15
Statistiques - réponses
Population Pays % Correct
91 650 Seychelles
81%
538 535 Cap-Vert
79%
819 746 Comores
77%
907 127 Djibouti
70%
1 942 008 Lesotho
69%
1 672 597 Gabon
63%
1 925 527 Gambie
63%
1 222 442 Guinée-Équatoriale
62%
1 693 398 Guinée-Bissau
60%
1 331 155 Maurice
60%
1 419 623 Swaziland
56%
2 198 406 Namibie
53%
190 428 São-Tomé-et-Principe
50%
2 155 784 Botswana
46%
3 516 806 Mauritanie
41%
Aucun quiz correspondant
Distribution des résultats
% des personnes avec chaque résultat
Percentile par nombre de réponses
Votre historique - résultats
Vous n’avez pas pris ce quiz